000 00558nmm a2200169Ia 4500
008 251105s9999||||xx |||||||||||||||||und||
020 _a9788481699272
041 _aspa
100 _aAguirre Monasterio, Rafael
245 0 _aDel movimiento de Jesús a la Iglesia cristiana :
_b Ensayo de exégesis sociológica del cristianismo primitivo
264 _a[Madrid, España] :
_bEditorial Verbo Divino,
_c2010
300 _a249 páginas
490 _aÁgora
650 _aReligion(s)
856 _uhttps://public.digitaliapublishing.com/a/2431
942 _cCF
999 _c86014
_d86014